| 000 | 02053nam0a2200409 i 4500 | ||
|---|---|---|---|
| 001 | RU\NLR\BIBL_A\010209098 | ||
| 005 | 20260408113839.0 | ||
| 010 |
_a9785742241737 _9100 |
||
| 021 |
_aRU _b2014-152 _99 |
||
| 035 | _a(NILC)RuMoRGB-006728974 | ||
| 035 | _a(NLR Aleph) 010209098 | ||
| 090 |
_a10266693 _c10266693 |
||
| 100 | _a20140312d2013 k y0rusy50 ba | ||
| 101 | 0 |
_aeng _arus |
|
| 102 | _aRU | ||
| 105 | _aab||z|||000yy | ||
| 200 | 1 |
_aInternational youth science environmental forum "Ecobaltica' 2013", St. Petersburg, Russia, December 6-7, 2013 _ebook of proceedings _fed.: S.G. Chulkin [et al.] |
|
| 210 |
_aSaint-Petersburg _cPolytechn. univ. publ. house _d2013 |
||
| 215 |
_a233 с. _cил., карт. _d29 |
||
| 300 | _aВ надзаг.: Linnæus univ., Admiral Makarov state univ.of maritime a. inland shipping | ||
| 300 | _aТекст на англ. и рус. яз. | ||
| 320 | _aБиблиогр. в конце докл. | ||
| 541 | 1 |
_aМеждународный молодежный научный экологический форум стран балтийского региона "Экобалтика' 2013" _zrus |
|
| 606 | 1 |
_aОкружающая среда _jСъезды, совещания и т.п. _yРоссийская Федерация _92139946 _3RU\NLR\AUTH\661289916 |
|
| 606 | 1 |
_aЭкология _jСъезды, совещания и т.п. _yБалтийский регион _92152270 _3RU\NLR\AUTH\661296013 |
|
| 606 | 1 |
_aЭкология _jСъезды, совещания и т.п. _yБалтийское море _91089198 _3RU\NLR\AUTH\66107974 |
|
| 686 | 1 | _aУ28(2)я431(0) | |
| 686 | 1 | _aЕ081(41)я431(0) | |
| 686 | 1 | _aЕ082.401(922.0)я431(0) | |
| 702 | 1 |
_6z40790 _aČulkin _bS.G. _gSergej G _4340 |
|
| 710 | 1 | 2 |
_8eng _a"Ecobaltica'2013", international youth science environmental forum _d10 _eSaint-Petersburg _7ba _3RU\NLR\AUTH\880366342 _9399360 |
| 790 | 1 |
_6z40702 _aChulkin _bS.G. |
|
| 801 | 0 |
_aRU _bРГБ _c20140129 _gRCR |
|
| 942 | _cBOOK | ||
| 980 | _aNBR | ||